[Event "TCh-FRA Top 16 Gp A"]
[Site "Montpellier FRA"]
[Date "2006.03.30"]
[Round "4"]
[White "Libiszewski,F"]
[Black "Tregubov,P"]
[Result "1/2-1/2"]
[WhiteElo "2467"]
[BlackElo "2556"]

1.e4 c5 2.Nf3 e6 3.d4 cxd4 4.Nxd4 Nc6 5.Nc3 a6 6.Nxc6 bxc6 7.e5 Qa5 8.f4 f6
9.Bd3 f5 10.Qh5+ g6 11.Qf3 Nh6 12.Bd2 Rb8 13.b3 Bb4 14.Bc4 Qc7 15.Qd3 O-O
16.Na4 Ng4 17.Bxb4 Rxb4 18.Qd2 Qa7 19.O-O-O Rxa4 20.bxa4 Nf2 21.h4 Qc5 22.Bb3 a5
23.Rhf1 Nxd1 24.Rxd1 Kf7 25.Qd4 Qxd4 26.Rxd4 Ke7 27.Bc4 Bb7 28.Rd3 c5 29.Bb5 Rd8
30.Rd6 Bxg2 31.Kd2 Bc6 32.Kc3 Rc8 33.Kc4 Bd5+ 34.Kd3 Bc6 35.Kc4 h6 36.c3 Bd5+
37.Kd3 Rc7 38.a3 Bc6 39.Kc4 Bd5+ 40.Kd3 Bb7 41.Kc4 Bd5+  1/2-1/2

[Event "TCh-FRA Top 16 Gp B"]
[Site "Gonfreville FRA"]
[Date "2006.03.31"]
[Round "5"]
[White "Dunis,A"]
[Black "Acher,M"]
[Result "1-0"]
[WhiteElo "2534"]
[BlackElo "2354"]

1.e4 c5 2.Nc3 e6 3.Nf3 Nc6 4.d4 cxd4 5.Nxd4 Qc7 6.g3 d6 7.Bg2 Nf6 8.Ndb5 Qb8
9.Bf4 Ne5 10.Qd4 a6 11.O-O-O axb5 12.Bxe5 Ng4 13.f4 f6 14.Bxd6 Qxd6 15.Qxd6 Bxd6
16.Rxd6 b4 17.Nb1 Rxa2 18.Rb6 Ne3 19.Bf1 Nxf1 20.Rxf1 Ra7 21.Re1 Bd7 22.e5 Ke7
23.f5 fxe5 24.fxe6 Bc6 25.Rxe5 Kd6 26.Rf5 Raa8 27.Rxb4 Raf8 28.Rbf4 Rxf5
29.Rxf5 Kxe6 30.Rf2 g5 31.Nc3 h5 32.Ne2 Ke5 33.Kd2 h4 34.Ke3 Rh7 35.Nd4 Be4
36.Rf8 Re7 37.gxh4 gxh4 38.Rf4 Bg6 39.Rxh4 Kf6+ 40.Kd2 Rd7 41.c3 Re7 42.Rh3 Rd7
43.b3 Ke5 44.Kc1 Be4 45.Kb2 Rd6 46.Rh5+ Kf4 47.Ka3 Ke3 48.Nf5+ Bxf5 49.Rxf5 Rh6
50.Rf8 Kd3 51.Kb4 b6 52.c4 Kc2 53.h4 Kd3 54.h5 Kc2 55.Rf5 Kd3 56.Kb5 Kc3
57.b4  1-0

[Event "TCh-FRA Top 16 Gp A"]
[Site "Montpellier FRA"]
[Date "2006.04.01"]
[Round "6"]
[White "Conquest,S"]
[Black "Duquesnoy,JP"]
[Result "1-0"]
[WhiteElo "2522"]
[BlackElo "2242"]

1.e4 c5 2.Nf3 Nc6 3.Nc3 e6 4.d4 cxd4 5.Nxd4 Nf6 6.Ndb5 Bc5 7.Bf4 O-O 8.Bc7 Qe7
9.Bd6 Bxd6 10.Qxd6 Ne8 11.Qxe7 Nxe7 12.O-O-O f5 13.Nd6 Nxd6 14.Rxd6 fxe4
15.Nxe4 Nf5 16.Rd2 d5 17.Ng5 Nd6 18.Bd3 h6 19.Nf3 Bd7 20.Re1 b5 21.Rde2 Rf4
22.Ne5 Bc8 23.f3 a6 24.Nc6 Rf6 25.Nd8 e5 26.Rxe5 Bh3 27.gxh3 Rxd8 28.Rxd5 Rxf3
29.h4 Re8 30.Rxe8+ Nxe8 31.Bg6 Rf8 32.Rd7 Nf6 33.Ra7 Ng4 34.Rxa6 Nxh2 35.h5 Rb8
36.b4 Ng4 37.Re6 Nf6 38.Re5 Kf8 39.Kb2 Nd7 40.Rf5+ Kg8 41.Kb3 Nf6 42.Re5 Kf8
43.Bd3  1-0

[Event "FSGM April"]
[Site "Budapest HUN"]
[Date "2006.04.02"]
[Round "2"]
[White "Szabo,Kr1"]
[Black "Kristjansson,St"]
[Result "0-1"]
[WhiteElo "2447"]
[BlackElo "2476"]

1.e4 c5 2.Nf3 e6 3.d4 cxd4 4.Nxd4 Nc6 5.Nc3 Qc7 6.Be3 a6 7.Qd2 Nf6 8.O-O-O Bb4
9.f3 Ne5 10.Nb3 b5 11.Qe1 Be7 12.f4 Ng6 13.e5 Ng4 14.Ne4 O-O 15.Bc5 Bb7 16.Bxe7 Nxe7
17.Bd3 f5 18.Nd6 Bd5 19.Qd2 Qb6 20.Rde1 Nf2 21.Rhf1 Nxd3+ 22.Qxd3 Nc8 23.Qe3 Qxe3+
24.Rxe3 Nxd6 25.exd6 Rac8 26.Nd4 Bxg2 27.Rf2 Be4 28.b4 Rc4 29.c3 Bd5 30.Kb2 Rb8
31.Re5 g6 32.Rfe2 Rcc8 33.Rxd5 exd5 34.Re5 Re8 35.Rxd5 Re4 36.Nb3 Rxf4 37.Nc5 Rd8
38.Re5 Rf2+ 39.Kc1 f4 40.Re7 f3 41.Nxd7 Rxd7 42.Rxd7 Rxa2 43.Rd8+ Kf7 44.d7 Ke7
45.Rf8 Kxd7 46.Rxf3 Rxh2 47.Rf6 g5 48.Kd1 g4 49.Ke1 h5 50.Rxa6 g3 51.Kf1 h4
52.Rg6 Ke7 53.Kg1 Kf7 54.Rg5 Kf6 55.Rxb5 Kg6 56.Rb8 Rb2 57.Rd8 Kf5 58.Rd5+ Kg4
59.Rd4+ Kf3 60.Rd1 h3 61.b5 h2+ 62.Kh1 Kg4  0-1

[Event "43rd ch-IND"]
[Site "Visakhapatnam IND"]
[Date "2006.04.03"]
[Round "1"]
[White "Ramesh,R"]
[Black "Sharma,Di"]
[Result "1-0"]
[WhiteElo "2491"]
[BlackElo "2370"]

1.e4 c5 2.Nf3 e6 3.d4 cxd4 4.Nxd4 Nc6 5.Nc3 Qc7 6.Be3 a6 7.Qd2 Nf6 8.O-O-O Bb4
9.f3 Ne5 10.Nb3 b5 11.Kb1 Be7 12.Qf2 Rb8 13.g4 d6 14.Rg1 b4 15.Na4 Nfd7 16.f4 Nc4
17.Bc1 O-O 18.Qe2 Ncb6 19.Nxb6 Nxb6 20.g5 a5 21.Nd4 d5 22.e5 Na4 23.Rg3 Nc5
24.Qh5 Ne4 25.Rh3 h6 26.Bd3 a4 27.Rg1 Bc5 28.Be3 Kh8 29.Qh4 Be7 30.Qg4 Rg8
31.g6 Bd8 32.Bxe4 dxe4 33.f5 exf5 34.Nxf5 Bxf5 35.Rxh6+  1-0

[Event "7th ch-Euro"]
[Site "Kusadasi TUR"]
[Date "2006.04.04"]
[Round "1"]
[White "Luther,T"]
[Black "Jovanic,O"]
[Result "1-0"]
[WhiteElo "2569"]
[BlackElo "2477"]

1.e4 c5 2.Nf3 e6 3.d4 cxd4 4.Nxd4 Nc6 5.Nc3 Qc7 6.f4 a6 7.a4 Bb4 8.Nxc6 Qxc6
9.Qd4 Bxc3+ 10.bxc3 Nf6 11.Bd3 O-O 12.Ba3 Re8 13.e5 Nd5 14.c4 Ne7 15.Bxe7 Rxe7
16.Be4 Qc7 17.a5 f6 18.O-O Rf7 19.c5 Qd8 20.Qd6 f5 21.Bf3 g6 22.Rfd1 Rf8
23.Rdb1 Kg7 24.Rb6 Rf7 25.Rd1 Qh4 26.g3 Qh3 27.Qd3 g5 28.Rb4 h6 29.Qe2 g4
30.Bg2 Qh5 31.h3 Kf8 32.hxg4 fxg4 33.Be4 Kg7 34.Rd2 Rf8 35.Qd1 Rf5 36.Rh2 Qg6
37.Qd6  1-0

[Event "32nd ch-IND w"]
[Site "Visakhapatnam IND"]
[Date "2006.04.04"]
[Round "2"]
[White "Alka,D"]
[Black "Kavitha,J"]
[Result "1-0"]
[WhiteElo "2019"]
[BlackElo "2126"]

1.e4 c5 2.Nf3 e6 3.d4 cxd4 4.Nxd4 Nc6 5.Nc3 a6 6.Be2 Qc7 7.O-O Nf6 8.Be3 Bb4
9.Na4 Be7 10.Nxc6 bxc6 11.Nb6 Rb8 12.Nxc8 Qxc8 13.Bd4 c5 14.Be5 Rb6 15.b3 d6
16.Bb2 O-O 17.Bd3 e5 18.f4 Ng4 19.Qe2 c4 20.Bxc4 Qc5+ 21.Kh1 Ne3 22.Rf3 exf4
23.Bd3 Ng4 24.Rxf4 Ne5 25.Bxa6 Rc6 26.Bd3 Rfc8 27.Bxe5 Qxe5 28.Raf1 Bf6 29.Rf5 Qd4
30.a4 R8c7 31.a5 Qa7 32.b4 Rc3 33.a6 Rc8 34.Rd5 Be5 35.Qf2 Qxf2 36.Rxf2 Ra3
37.g3 Rb8 38.b5 f6 39.Bc4 Kf8 40.Rd3 Rxd3 41.cxd3 Bd4 42.Ra2 Ba7 43.Rb2 Ke7
44.Bd5 Rb6 45.Kg2 Kd8 46.Kf3 Rb8 47.Be6 Ke7 48.Bd5 Rb6 49.Bb7 Kd7 50.Rb3 Ke6
51.d4 Ke7 52.Ke2 Kd7 53.d5 Kd8 54.Kd3 Kd7 55.Kc4 Ke7 56.Kb4 Kd7 57.Ka5 Kd8
58.Rc3  1-0

[Event "43rd ch-IND"]
[Site "Visakhapatnam IND"]
[Date "2006.04.04"]
[Round "3"]
[White "Ganguly,S"]
[Black "Singh,DP"]
[Result "1-0"]
[WhiteElo "2579"]
[BlackElo "2395"]

1.e4 c5 2.Nf3 Nc6 3.d4 cxd4 4.Nxd4 e6 5.Nc3 a6 6.Be2 Qc7 7.O-O Nf6 8.Be3 Be7
9.f4 d6 10.Kh1 O-O 11.a4 d5 12.e5 Nd7 13.Bd3 Nc5 14.Rf3 Nxd3 15.Qxd3 Bd7
16.Rd1 g6 17.Qe2 b5 18.axb5 Nxd4 19.Bxd4 axb5 20.f5 Rfc8 21.Rdf1 Qc4 22.Qe3 b4
23.b3 Qc6 24.Rh3 Bf8 25.fxg6 hxg6 26.Qf4 Be8 27.Ne2 Bg7 28.Qh4 g5 29.Qxg5 Qxc2
30.Rg3 Qg6 31.Qh4  1-0

[Event "43rd ch-IND"]
[Site "Visakhapatnam IND"]
[Date "2006.04.04"]
[Round "3"]
[White "Das,Ar"]
[Black "Kunte,A"]
[Result "0-1"]
[WhiteElo "2402"]
[BlackElo "2551"]

1.e4 c5 2.Nf3 e6 3.d4 cxd4 4.Nxd4 Nc6 5.Nc3 d6 6.Be3 a6 7.Be2 Nf6 8.O-O Be7
9.f4 O-O 10.a4 Bd7 11.Nb3 Rc8 12.g4 h6 13.Bf3 Nh7 14.a5 e5 15.f5 Nb4 16.Bb6 Qe8
17.Bg2 Nf6 18.Rf2 h5 19.gxh5 Kh8 20.Be3 Rg8 21.Kh1 d5 22.exd5 Rxc3 23.bxc3 Nbxd5
24.Bd2 Bc6 25.Qe2 Qc8 26.c4 Nb4 27.Bc3 Re8 28.h6 gxh6 29.Qxe5 Kh7 30.Rd1 Bd8
31.Qf4 Ne4 32.Bxb4 Bg5 33.Qf3 Nxf2+ 34.Qxf2 Be3 35.Qh4 Rg8 36.Be4 Qxf5 37.Nd2 Bxd2
38.Bxc6 bxc6  0-1

[Event "7th ch-Euro w"]
[Site "Kusadasi TUR"]
[Date "2006.04.05"]
[Round "2"]
[White "Chelushkina,I"]
[Black "Peng Zhaoqin"]
[Result "1-0"]
[WhiteElo "2312"]
[BlackElo "2407"]

1.e4 c5 2.Nf3 e6 3.d4 cxd4 4.Nxd4 Nc6 5.Nc3 Qc7 6.Be2 a6 7.O-O Nf6 8.Kh1 Be7
9.f4 d6 10.Be3 O-O 11.a4 Rd8 12.Nb3 b6 13.Qe1 Nb4 14.Qf2 Rb8 15.Bf3 e5 16.a5 bxa5
17.Nxa5 Rd7 18.Qe2 Rd8 19.Rfd1 exf4 20.Bxf4 Be6 21.Nd5 Bxd5 22.exd5 Rb5 23.Nc6 Nxc6
24.dxc6 Rxb2 25.Rxa6 Re8 26.h3 h6 27.Qd3 Bf8 28.Rda1 Qb8 29.Kh2 Qb4 30.Bc1 Rb1
31.c3 Rb3 32.cxb4 Rxd3 33.b5 d5 34.Ba3  1-0

[Event "7th ch-Euro"]
[Site "Kusadasi TUR"]
[Date "2006.04.05"]
[Round "2"]
[White "Romanov,E"]
[Black "Kurmann,O"]
[Result "1/2-1/2"]
[WhiteElo "2489"]
[BlackElo "2296"]

1.e4 c5 2.Nf3 e6 3.d4 cxd4 4.Nxd4 Nc6 5.Nc3 a6 6.Nxc6 bxc6 7.Bd3 d5 8.O-O Nf6
9.Qf3 Be7 10.Bf4 O-O 11.Rfe1 g6 12.Bh6 Re8 13.Rad1 Bb7 14.Na4 Qa5 15.b3 dxe4
16.Bxe4 Nxe4 17.Qxe4 Rad8 18.Qe2 Qf5 19.Be3 c5 20.f3 c4 21.Nb6 cxb3 22.axb3 Qb5
23.Qf2 Rxd1 24.Rxd1 Rd8 25.Rxd8+ Bxd8 26.Nc4 Qd5 27.Qd2 Qxd2 28.Bxd2 f6 29.Kf2 Bc7
30.h3 e5 31.Bb4 Kf7 32.Nd6+ Bxd6 33.Bxd6 Ke6 34.Bb8 f5 35.g3 g5 36.h4  1/2-1/2

[Event "7th ch-Euro"]
[Site "Kusadasi TUR"]
[Date "2006.04.05"]
[Round "2"]
[White "Meier,Geo"]
[Black "Mastrovasilis,D"]
[Result "0-1"]
[WhiteElo "2424"]
[BlackElo "2573"]

1.e4 c5 2.Nf3 e6 3.d4 cxd4 4.Nxd4 Nc6 5.Nc3 a6 6.Nxc6 bxc6 7.Bd3 d5 8.O-O Nf6
9.Re1 Be7 10.e5 Nd7 11.Qg4 g6 12.Bh6 Rb8 13.b3 Rb4 14.Qf3 Rh4 15.Bf4 Bb4
16.Na4 Bxe1 17.Rxe1 O-O 18.Qe3 Qa5 19.c3 c5 20.Qg3 Rxf4 21.Qxf4 Bb7 22.Re3 Qc7
23.Qg5 Bc6 24.Qh6 Rd8 25.Rh3 Qxe5 26.Qxh7+ Kf8 27.Bxa6 Bxa4 28.bxa4 c4 29.Qh6+ Ke7
30.Qc1 Nc5 31.Re3 Nd3 32.Qd2 Qd6 33.Bb5 Qa3 34.g3 Qc1+ 35.Qxc1 Nxc1 36.a3 Kd6
37.f4 f6 38.Kf2 Nd3+ 39.Kf3 Nc5 40.h4 e5 41.fxe5+ fxe5 42.Kg4 d4 43.cxd4 exd4
44.Re1 c3 45.Rc1 Ke5 46.Re1+ Kd5 47.Rc1 Ne4 48.Kf4 Rf8+ 49.Kg4 Rf5 50.Kh3 Rf3
51.a5 d3 52.a6 d2 53.a7 Nf2+ 54.Kg2 Rf8 55.Rxc3 d1=Q 56.Bc6+ Kd6 57.Rf3 Rd8
58.a8=Q Rxa8 59.Bxa8 Ng4 60.Kh3 Ne5 61.Rf4 Ke7 62.Be4 Qd7+ 63.Kg2 Qd2+ 64.Kh3 Ke6
65.a4 Qe1 66.Kg2 Qa1 67.Kh3 Ke7 68.Bg2 Nd3 69.Re4+ Kf6 70.Rc4 Qg1 71.g4 Qe3+
72.Kh2 Qe5+  0-1

[Event "7th ch-Euro w"]
[Site "Kusadasi TUR"]
[Date "2006.04.05"]
[Round "2"]
[White "Kubikova,A"]
[Black "Djingarova,E"]
[Result "0-1"]
[WhiteElo "2098"]
[BlackElo "2346"]

1.e4 c5 2.Nf3 e6 3.d4 cxd4 4.Nxd4 Nc6 5.Nc3 Qc7 6.Be3 a6 7.Qd2 Nf6 8.f3 Ne5
9.a3 Be7 10.Bd3 b5 11.O-O Bb7 12.Kh1 O-O 13.f4 Nc4 14.Bxc4 Qxc4 15.e5 Ng4
16.Bg1 Rac8 17.Qe2 Qxe2 18.Ncxe2 d6 19.exd6 Bxd6 20.c3 Nf6 21.Rad1 Bb8 22.Nc1 Nd5
23.Nd3 Rfd8 24.Nc2 Nxf4 25.Nxf4 Rxd1 26.Rxd1 Bxf4 27.Bb6 h6 28.Nb4 Bc7 29.Be3 Rd8
30.Rxd8+ Bxd8 31.Kg1 f6 32.Kf2 Kf7 33.Nd3 Bc7 34.g3 h5 35.Nf4 g6 36.Nd3 e5
37.Nc5 Bc8 38.Ne4 Ke6 39.Ke2 Bd8 40.Bf2 Kd5 41.Nd2 Bg4+ 42.Ke1 Bd7 43.Be3 g5
44.Kf2 f5 45.Nf3 f4 46.gxf4 gxf4 47.Bc1 e4  0-1

[Event "7th ch-Euro"]
[Site "Kusadasi TUR"]
[Date "2006.04.05"]
[Round "2"]
[White "Izoria,Z"]
[Black "Gagunashvili,M"]
[Result "1-0"]
[WhiteElo "2652"]
[BlackElo "2542"]

1.e4 c5 2.Nf3 e6 3.d4 cxd4 4.Nxd4 Nc6 5.Nc3 Qc7 6.Be3 Nf6 7.f4 Bb4 8.Nb5 Qa5
9.e5 a6 10.Nd6+ Bxd6 11.Qxd6 Ne4 12.Qd3 Nxc3 13.Bd2 Nxe5 14.Qd4 Ng6 15.Bxc3 Qf5
16.Qxg7 Qxf4 17.Be2 Rf8 18.Rf1 Qe4 19.Qxh7 e5 20.O-O-O Qxe2 21.Rfe1 Qb5 22.Bxe5 Nxe5
23.Qh5 d6 24.Rxd6 Ke7 25.a4 Qc4 26.Qxe5+ Be6 27.b3 Qc8 28.Re3 Rg8 29.Rc3 Qxc3
30.Rxe6+ fxe6 31.Qxc3 Rxg2 32.Qb4+ Kf6 33.Qxb7 Rgg8 34.a5 e5 35.Qf3+ Ke6
36.h4 Rgf8 37.Qg4+ Kd6 38.h5 Rae8 39.Qb4+ Ke6 40.Qc4+ Kf5 41.Qxa6 e4 42.Qg6+ Kf4
43.Kd2 Kf3 44.Ke1 e3 45.a6 e2 46.a7 Ke3 47.Qg1+ Kf4 48.b4 Rf5 49.Qf2+ Kg5
50.a8=Q Rxa8 51.Qg2+  1-0

[Event "7th ch-Euro"]
[Site "Kusadasi TUR"]
[Date "2006.04.06"]
[Round "3"]
[White "Mastrovasilis,D"]
[Black "Iotov,V"]
[Result "1-0"]
[WhiteElo "2573"]
[BlackElo "2420"]

1.e4 c5 2.Nf3 e6 3.d4 cxd4 4.Nxd4 Nc6 5.Nc3 Qc7 6.Be2 a6 7.O-O Nf6 8.Be3 Be7
9.Kh1 O-O 10.f4 d6 11.a4 Re8 12.a5 Nxa5 13.e5 dxe5 14.fxe5 Qxe5 15.Bf4 Qc5
16.Na4 Qa7 17.Be3 b6 18.b4 Nd5 19.Bg1 Bxb4 20.Bd3 Qc7 21.c4 Nc3 22.Nxc3 Bxc3
23.Ra3 e5 24.Rxc3 exd4 25.Bxd4 Re6 26.Bxh7+ Kxh7 27.Rg3 Qxg3 28.hxg3 Rh6+
29.Kg1 Be6 30.Rf4 Nxc4 31.Rh4 Rd8 32.Rxh6+ Kxh6 33.Bxg7+ Kxg7 34.Qxd8 b5
35.Qg5+ Kh7 36.Qh5+ Kg7 37.Qg5+ Kh7 38.Qh5+ Kg7 39.Qc5 Kh7 40.Kf2 b4 41.Qxb4 Ne5
42.Qh4+ Kg8 43.Qd8+ Kh7 44.Qa5 Ng6 45.Qxa6 Kg7 46.Qa1+ Kg8 47.Ke3 Kh7 48.Qf6 Kg8
49.Kd4 Kh7 50.Kc5 Kg8 51.Kc6 Kh7 52.Kd6 Ba2 53.g4 Be6 54.g5 Ba2 55.Qf3 Bc4
56.Qh3+ Kg7 57.Qf3 Ba2 58.Qh3 Bc4  1-0

[Event "7th ch-Euro"]
[Site "Kusadasi TUR"]
[Date "2006.04.06"]
[Round "3"]
[White "Fedorov,Alex"]
[Black "Mastrovasilis,A"]
[Result "1-0"]
[WhiteElo "2608"]
[BlackElo "2508"]

1.e4 c5 2.Nf3 e6 3.d4 cxd4 4.Nxd4 Nc6 5.Nc3 Qc7 6.Be3 a6 7.Bd3 Nf6 8.O-O Ne5
9.h3 Bc5 10.Kh1 d6 11.f4 Ng6 12.Qe1 O-O 13.f5 Ne5 14.Qg3 Bd7 15.Nce2 Nxd3
16.cxd3 e5 17.Bh6 Nh5 18.Qg5 f6 19.Qxh5 Bxd4 20.Nxd4 exd4 21.Qg4 Rf7 22.Qg3 Bb5
23.Bf4 Rd8 24.Rfc1 Qd7 25.b3 Bc6 26.Rc4 d5 27.Rxd4 Qe7 28.Rc1 dxe4 29.Bd6 Qd7
30.dxe4 Re8 31.Re1 b5 32.Kh2 Bb7 33.b4 Rc8 34.Bc5 Qc7 35.e5 fxe5 36.Rxe5 h6
37.Rd6 Kh8 38.Rde6 Rg8 39.Bd4 Qc4 40.Rxh6+ gxh6 41.Re8+  1-0

[Event "7th ch-Euro"]
[Site "Kusadasi TUR"]
[Date "2006.04.06"]
[Round "3"]
[White "Lutz,C"]
[Black "Jovanic,O"]
[Result "0-1"]
[WhiteElo "2609"]
[BlackElo "2477"]

1.e4 c5 2.Nf3 e6 3.d4 cxd4 4.Nxd4 Nc6 5.Nc3 Qc7 6.Be3 Nf6 7.Ndb5 Qb8 8.f4 a6
9.e5 axb5 10.exf6 b4 11.Nb5 b6 12.Qd2 gxf6 13.Qf2 Na7 14.Nxa7 Qxa7 15.Bxb6 Qa4
16.Bd3 Bb7 17.Bd4 Rg8 18.Rg1 f5 19.Qe3 Qc6 20.g3 Be7 21.Kd2 Ba6 22.Bxf5 exf5
23.Rae1 Qd6 24.Kc1 Kf8 25.g4 fxg4 26.Be5 Qc6 27.Bg7+ Kxg7 28.Qxe7 Kh8 29.Qe5+ f6
30.Qf5 Rg7  0-1

[Event "7th ch-Euro w"]
[Site "Kusadasi TUR"]
[Date "2006.04.06"]
[Round "3"]
[White "Zozulia,A"]
[Black "Paehtz,E"]
[Result "1-0"]
[WhiteElo "2366"]
[BlackElo "2422"]

1.e4 c5 2.Nf3 e6 3.d4 cxd4 4.Nxd4 Nc6 5.Nc3 Qc7 6.Be2 a6 7.O-O Nf6 8.Be3 Bb4
9.Na4 Be7 10.Nxc6 bxc6 11.Nb6 Rb8 12.Nxc8 Qxc8 13.Bd4 O-O 14.e5 Nd5 15.c4 Nc7
16.Bd3 f5 17.exf6 Bxf6 18.Qh5 h6 19.Bc5 Qe8 20.Qg4 Be7 21.Bd4 Rf6 22.Bxf6 Bxf6
23.Qe4 Qh5 24.Rab1 a5 25.b3 Na6 26.Rbe1 Nc5 27.Qh7+ Kf7 28.Re3 Ke7 29.Be2 Qf7
30.Rd1 Bg5 31.Rf3 Qg8 32.Qg6 Bf6 33.Bd3 d6 34.Bc2 e5 35.a3 Ne6 36.Qe4 Qe8
37.Qe1 Rd8 38.Bf5 Ng5 39.Re3 Qh5 40.f4 Nf7 41.g4 Qh4 42.Qf1 g6 43.Rh3 Qxh3
44.Qxh3 gxf5 45.fxe5 Nxe5 46.gxf5 Rg8+ 47.Kf2 Rg4 48.Qxh6 Rh4 49.Qe3 Rxh2+
50.Kg1 Rb2 51.Qa7+ Nd7 52.Re1+ Kd8 53.Qxa5+ Kc8 54.Qa8+  1-0

[Event "32nd ch-IND w"]
[Site "Visakhapatnam IND"]
[Date "2006.04.06"]
[Round "4"]
[White "Nimmy,A"]
[Black "Kavitha,J"]
[Result "0-1"]
[WhiteElo "2123"]
[BlackElo "2126"]

1.e4 c5 2.Nf3 e6 3.d4 cxd4 4.Nxd4 Nc6 5.Nc3 a6 6.Be2 Qc7 7.Be3 Nf6 8.a3 d6
9.O-O Be7 10.f4 O-O 11.Bf3 Re8 12.Kh1 Nxd4 13.Qxd4 e5 14.Qd2 b5 15.Rad1 Bb7
16.Qf2 Qc4 17.Be2 Qc7 18.Bf3 Rac8 19.Qg3 Bf8 20.fxe5 Rxe5 21.Bf4 Re6 22.Rd4 Rce8
23.Nd5 Qxc2 24.Rd2 Qc4 25.Ne3 Nxe4 26.Qh4 Nxd2 27.Nxc4 Nxf1 28.Kg1 Bxf3 29.gxf3 bxc4
30.Kxf1 Re1+ 31.Kg2 R1e2+ 32.Kh3 Rxb2 33.Qg4 Re6 34.Qg1 Rb3 35.Qd4 Rxf3+
36.Kg4 Rxa3 37.Qxc4 Rg6+ 38.Bg5 h6 39.h4 hxg5 40.hxg5 Ra1 41.Kh4 Rg1 42.Qc6 f6
43.Qc4+ d5  0-1

[Event "FSGM April"]
[Site "Budapest HUN"]
[Date "2006.04.07"]
[Round "7"]
[White "Wittmann,W"]
[Black "Kristjansson,St"]
[Result "0-1"]
[WhiteElo "2372"]
[BlackElo "2476"]

1.e4 c5 2.Nf3 e6 3.d4 cxd4 4.Nxd4 Nc6 5.Nc3 Qc7 6.g3 a6 7.Bg2 d6 8.O-O Bd7
9.Re1 Be7 10.Nxc6 bxc6 11.Na4 Nf6 12.c4 e5 13.b3 O-O 14.Bb2 Be6 15.Qc2 Nd7
16.Rad1 a5 17.Rd3 Nb6 18.c5 Nxa4 19.cxd6 Bxd6 20.bxa4 Rab8 21.Red1 Be7 22.Bc3 c5
23.Qd2 c4 24.Bxa5 Qa7 25.Rd5 Bxd5 26.exd5 Bc5 27.Bc3 Bd4 28.a5 Rfd8 29.Be4 Rbc8
30.Kg2 g6 31.g4 Bxc3 32.Qxc3 Rc5 33.Qxe5 Rxa5 34.Qf6 Qd7 35.h3 Re8 36.Bf3 Rxa2
37.d6 Re6 38.Qd4 Ra6 39.Bd5 Raxd6 40.Qxc4 Rf6 41.Qb3 h6 42.Rd3 Kh7 43.Qc4 Qa7
44.Bf3 Rxd3 45.Qxd3 Qc5 46.h4 Kg7 47.h5 gxh5 48.gxh5 Qg5+ 49.Kf1 Qf4 50.Kg2 Qg5+
51.Kf1 Qf5 52.Qxf5 Rxf5 53.Be4 Rf4 54.Bc2 Kf6 55.Kg2 Kg5 56.Kg3 Rh4 57.Bd1 Rxh5
58.Bxh5 Kxh5 59.f4 Kg6 60.Kg4 Kf6  0-1

[Event "7th ch-Euro"]
[Site "Kusadasi TUR"]
[Date "2006.04.07"]
[Round "4"]
[White "Van den Doel,E"]
[Black "Iotov,V"]
[Result "0-1"]
[WhiteElo "2571"]
[BlackElo "2420"]

1.e4 c5 2.Nf3 e6 3.d4 cxd4 4.Nxd4 Nc6 5.Nc3 Qc7 6.Be2 a6 7.O-O Nf6 8.Be3 Be7
9.f4 d6 10.Kh1 O-O 11.a4 Re8 12.Bf3 Na5 13.g4 Nc4 14.Bc1 Bf8 15.Nde2 Nd7
16.b3 Na5 17.Ba3 b6 18.e5 d5 19.Bxf8 Rxf8 20.Qe1 Bb7 21.Nd4 Rac8 22.Nce2 Nc6
23.Qh4 Nc5 24.Bg2 Qe7 25.g5 Nxd4 26.Nxd4 Ne4 27.Rf3 Rc3 28.Rxc3 Nxc3 29.Rf1 Ne4
30.Rf3 Qa3 31.f5 Qa1+ 32.Bf1 Qxd4 33.f6 Qxe5 34.g6 hxg6 35.Rh3 Qh5  0-1

[Event "7th ch-Euro w"]
[Site "Kusadasi TUR"]
[Date "2006.04.07"]
[Round "4"]
[White "Pavlovskaia,E"]
[Black "Nill,J"]
[Result "0-1"]
[WhiteElo "2182"]
[BlackElo "2339"]

1.e4 c5 2.Nf3 e6 3.d4 cxd4 4.Nxd4 Nc6 5.Nc3 Qc7 6.Be3 a6 7.Bd3 Nf6 8.O-O b5
9.Nxc6 Qxc6 10.a3 Bb7 11.Qe2 Be7 12.f4 h5 13.e5 Ng4 14.Be4 Qc7 15.Bxb7 Qxb7
16.Bd4 g6 17.Ne4 Rc8 18.Rad1 Qc6 19.c3 Kf8 20.Rd3 Kg7 21.Nd6 Rb8 22.f5 exf5
23.e6+ f6 24.Nxf5+ gxf5 25.exd7 Bc5 26.h3 Ne5 27.Rxf5 Nxd3 28.Bxc5 Nxc5 29.Qe7+ Kg6
30.Rxc5 Qb6 31.Kh1 Rbd8 32.Qe4+ Kf7 33.Rc6 Qf2 34.Rxa6 Qf1+ 35.Kh2 Qc4 36.Qf3 Qc7+
37.Kh1 Qe5 38.Qd3 Rhg8 39.c4 h4 40.Qh7+ Rg7 41.Qxh4 Rxd7  0-1

[Event "7th ch-Euro w"]
[Site "Kusadasi TUR"]
[Date "2006.04.07"]
[Round "4"]
[White "Paehtz,E"]
[Black "Velcheva,M"]
[Result "1-0"]
[WhiteElo "2422"]
[BlackElo "2286"]

1.e4 c5 2.Nf3 e6 3.d4 cxd4 4.Nxd4 Nc6 5.Nc3 Qc7 6.Be3 a6 7.Qd2 b5 8.Nxc6 dxc6
9.O-O-O Be7 10.e5 f6 11.f4 f5 12.g4 Nh6 13.g5 Nf7 14.Qg2 Bd7 15.g6 hxg6 16.Qxg6 Bf8
17.Bg2 Rh6 18.Qg3 Rb8 19.Rd2 b4 20.Ne2 c5 21.Rhd1 Bb5 22.Kb1 a5 23.Bg1 a4
24.Qf3 Be7 25.c3 b3 26.a3 g5 27.h3 gxf4 28.c4 Bxc4 29.Qxf4 Rh4 30.Qg3 Kf8
31.Nf4 Rh6 32.Rd7 Qxe5 33.Re1 Bh4 34.Ng6+ Rxg6 35.Qxh4 Qg7 36.Bxc5+ Kg8 37.Qxc4 Rxg2
38.Bd4 Qg3 39.Bc3 Re8 40.Qxa4 Rg1 41.Rdd1  1-0

[Event "7th ch-Euro w"]
[Site "Kusadasi TUR"]
[Date "2006.04.07"]
[Round "4"]
[White "Arakhamia,K"]
[Black "Botsari,A"]
[Result "1/2-1/2"]
[WhiteElo "2426"]
[BlackElo "2341"]

1.e4 c5 2.Nf3 e6 3.d4 cxd4 4.Nxd4 Nc6 5.Nc3 a6 6.Nxc6 bxc6 7.Bd3 d5 8.O-O Qc7
9.Re1 Bb7 10.Qe2 Nf6 11.Bg5 h6 12.Bh4 dxe4 13.Nxe4 Nxe4 14.Qxe4 Bd6 15.Bg3 Bxg3
16.hxg3 c5 17.Qa4+ Bc6 18.Qf4 Qe7 19.Re5 O-O 20.Qe3 Qb7 21.b3 Bxg2 22.Rxc5 Bh1
23.Bf1 Rfd8 24.Rh5 Bf3 25.Rh4 Rd6 26.Rf4 Bc6 27.Rg4 f5 28.Rd4 Rxd4 29.Qxd4 Be4
30.c4 Qe7 31.Rd1 a5 32.Qd7 Qf6 33.Bg2 Bxg2 34.Kxg2 f4 35.gxf4 Rf8 36.Re1 Qg6+
37.Kf1 Rf6 38.c5 Qg4 39.Qd8+ Rf8 40.Qd3 Qxf4 41.Qe3 Qh2 42.Qxe6+ Kh8 43.Qe3 Qh1+
44.Ke2 Qh5+ 45.Kf1 Qh1+ 46.Ke2 Qh5+ 47.Kf1 Qh1+ 48.Ke2  1/2-1/2

[Event "7th ch-Euro"]
[Site "Kusadasi TUR"]
[Date "2006.04.08"]
[Round "5"]
[White "Perez Candelario,Man"]
[Black "Logothetis,S"]
[Result "1/2-1/2"]
[WhiteElo "2511"]
[BlackElo "2298"]

1.e4 c5 2.Nf3 e6 3.d4 cxd4 4.Nxd4 Nc6 5.Nc3 Qc7 6.Be3 a6 7.Qd2 Nf6 8.f3 Ne5
9.O-O-O Bb4 10.Nb3 b5 11.Qe1 Be7 12.f4 Ng6 13.e5 Ng4 14.Bd2 Bb7 15.Bd3 Rc8
16.Qe2 f5 17.exf6 Nxf6 18.Rhf1 O-O 19.Kb1 b4 20.Ne4 Nxe4 21.Bxe4 Bxe4 22.Qxe4 Qc4
23.Rde1 Bd6 24.g3 Ne7 25.Na5 Qc7 26.Nb7 Nd5 27.Nxd6 Qxd6 28.Qd3 a5 29.Re4 Qc6
30.Re5 g6 31.h4 Qc4 32.Rf3 Rc6 33.c3 Rfc8 34.Qxc4 Rxc4 35.Kc2 bxc3 36.Bxc3  1/2-1/2

[Event "7th ch-Euro"]
[Site "Kusadasi TUR"]
[Date "2006.04.08"]
[Round "5"]
[White "Luther,T"]
[Black "Ivanchuk,V"]
[Result "0-1"]
[WhiteElo "2569"]
[BlackElo "2729"]

1.e4 c5 2.Nf3 e6 3.d4 cxd4 4.Nxd4 Nc6 5.Nc3 Qc7 6.f4 a6 7.a4 Nf6 8.e5 Nd5
9.Nxd5 exd5 10.Nf5 d6 11.exd6 Bxd6 12.Nxd6+ Qxd6 13.Bd3 Qc5 14.Qe2+ Kd8 15.Qf2 Re8+
16.Kf1 d4 17.Qh4+ f6 18.Qxh7 Nb4 19.Bd2 Nxd3 20.cxd3 Bf5 21.Qxg7 Bxd3+ 22.Kg1 Rc8
23.h4 Re2 24.Rh3 Be4 25.Qxf6+ Kc7 26.Rc1 Bc2 27.b4 Qc4 28.Rg3 Rxd2 29.Qe5+ Kb6
30.Rg7 Ka7 31.b5 d3 32.Kh2 Re2 33.Qd6 Re6 34.Qd7 Qxf4+ 35.g3 Qf2+ 36.Kh1 Qf3+
37.Kg1 Re2 38.b6+ Kb8  0-1

[Event "7th ch-Euro"]
[Site "Kusadasi TUR"]
[Date "2006.04.08"]
[Round "5"]
[White "Kurnosov,I"]
[Black "Jovanic,O"]
[Result "1/2-1/2"]
[WhiteElo "2517"]
[BlackElo "2477"]

1.e4 c5 2.Nf3 e6 3.d4 cxd4 4.Nxd4 Nc6 5.Nc3 Qc7 6.f4 a6 7.Be3 b5 8.Qf3 Bb7
9.Bd3 Nf6 10.O-O-O Nxd4 11.Bxd4 Bc5 12.Bxc5 Qxc5 13.Qg3 O-O 14.e5 Nd5 15.Ne4 Qe3+
16.Kb1 Qxg3 17.hxg3 h6 18.Nd6 Bc6 19.Be4 f6 20.Rhe1 fxe5 21.fxe5 Ra7 22.c3 Rc7
23.Re2 Ne7 24.Bd3 Bd5 25.Rc1 Nf5 26.Nxf5 exf5 27.Rf1 g6 28.Rf4 Be6 29.a4 Rc5
30.axb5 axb5 31.Rb4 Rb8 32.g4 fxg4 33.Bxg6 Bc4 34.Re3 Rf8 35.Bd3 Rf2 36.Bxc4+ bxc4
37.Rb7 Rd5 38.e6 Rf1+ 39.Kc2 Rf2+ 40.Kb1 Rf1+ 41.Kc2 Rf2+  1/2-1/2

[Event "XXIX Open"]
[Site "Donostia San Sebastian ESP"]
[Date "2006.04.09"]
[Round "2"]
[White "Petrov,Marij"]
[Black "Manso Marquez,F"]
[Result "1-0"]
[WhiteElo "2427"]
[BlackElo "2098"]

1.e4 c5 2.Nf3 e6 3.d4 cxd4 4.Nxd4 Nc6 5.Nc3 Qc7 6.f4 a6 7.Nf3 b5 8.Bd3 Bb7
9.O-O Bc5+ 10.Kh1 Nd4 11.Nxd4 Bxd4 12.a4 b4 13.Ne2 Bc5 14.Ng3 h5 15.Nxh5 Nf6
16.Nxf6+ gxf6 17.Qe2 Qc6 18.Rf3 Ke7 19.Be3 Bxe3 20.Qxe3 Rag8 21.Qd4 f5 22.Qxb4+ Ke8
23.Re1 Rh4 24.Bf1 Qc7 25.g3 fxe4 26.Rc3 e3+ 27.Bg2 Bc6 28.Bxc6  1-0

[Event "7th ch-Euro w"]
[Site "Kusadasi TUR"]
[Date "2006.04.09"]
[Round "6"]
[White "Shukurova,M"]
[Black "Burtasova,A"]
[Result "0-1"]
[WhiteElo "2207"]
[BlackElo "2274"]

1.e4 c5 2.Nf3 e6 3.d4 cxd4 4.Nxd4 Nc6 5.Nc3 Qc7 6.g3 Nf6 7.Ndb5 Qb8 8.Bf4 e5
9.Bg5 a6 10.Na3 b5 11.Bxf6 b4 12.Nc4 bxc3 13.Bg5 cxb2 14.Rb1 Bb4+ 15.Bd2 Bxd2+
16.Qxd2 Nd4 17.Bg2 Qc7 18.Ne3 O-O 19.O-O Rb8 20.Kh1 Bb7 21.f4 f5 22.c3 Nb5
23.Nxf5 Na3 24.fxe5 Nxb1 25.Qg5 Rxf5 26.Qxf5 Qc4 27.e6 Qxe6 28.Rxb1 Qxa2
29.Qf1 a5 30.Qd3 Ba6 31.Qd1 Qxb1 32.Qxb1 Bd3 33.Qxd3 b1=Q+ 34.Bf1 Qxd3 35.Bxd3 Kf8
36.Kg2 Rb3 37.Kf2 Rxc3  0-1